Analýza komunikačného procesu v podnikoch so zahraničným kapitálom diplomová práca

Saved in:
Bibliographic Details
Main Author: Gulišová, Lucia
Corporate Author: Fakulta podnikového manažmentu EU. Katedra manažmentu
Other Authors: Szarková, Miroslava, 1951-
Format: Book
Language:Slovak
Published: Bratislava 2010
Tags: Add Tag
No Tags, Be the first to tag this record!

MARC

LEADER 00000nam a2200000 4500
001 0119717
005 20240318121716.6
041 0 |a slo 
044 |a SK 
245 1 0 |a Analýza komunikačného procesu v podnikoch so zahraničným kapitálom  |b diplomová práca  |c Lucia Gulišová ; škol. Miroslava Szarková 
264 1 |a Bratislava  |c 2010 
300 |a 77 s. 
100 1 |a Gulišová, Lucia 
700 1 |a Szarková, Miroslava, 1951- 
710 2 |a Fakulta podnikového manažmentu EU. Katedra manažmentu